[Event "OP-2018-0-04514"]
[Site "LSS email"]
[Date "2018.01.19"]
[Round "?"]
[White "Benassi, Aspasio"]
[Black "Czaban, Tomasz"]
[Result "1-0"]
[WhiteElo "1965"]
[BlackElo "549"]
[PlyCount "39"]
[EventDate "2018.01.09"]
[EventType "tourn (corr)"]
[EventRounds "4"]
[EventCountry "GER"]
[SourceTitle "Corr 2022"]
[Source "ChessBase"]
[SourceDate "2021.10.24"]
[SourceVersion "1"]
[SourceVersionDate "2021.10.24"]
[SourceQuality "1"]

1. e4 e6 2. d4 d5 3. exd5 exd5 4. Bd3 Nc6 5. Nf3 Bg4 6. c3 Bxf3 7. Qxf3 Nf6 8. 0-0 Be7 9. Na3 0-0 10. Nc2 Bd6 11. Bg5 Be7 12. Rae1 h6 13. Bxf6 Bxf6 14. Ne3 Re8 15. Nxd5 Qd6 16. Qf5 Ne7 17. Qh7+ Kf8 18. Qh8+ Ng8 19. Bh7 Qxd5 20. Qxg8# 1-0

[Event "FICGS rapid A 000205 email"]
[Site "FICGS email"]
[Date "2017.11.30"]
[Round "1"]
[White "Tanriover, Taner"]
[Black "Benassi, Aspasio"]
[Result "1/2-1/2"]
[WhiteElo "2000"]
[BlackElo "1978"]
[PlyCount "66"]
[EventDate "2017.??.??"]
[EventType "tourn (rapid)"]
[EventRounds "6"]
[SourceTitle "Corr 2022"]
[Source "ChessBase"]
[SourceDate "2021.10.24"]
[SourceVersion "1"]
[SourceVersionDate "2021.10.24"]
[SourceQuality "1"]

1. h3 e5 2. a3 d5 3. e3 Bd6 4. d4 Nd7 5. c4 dxc4 6. Bxc4 exd4 7. Nf3 dxe3 8. Bxe3 Ngf6 9. Nc3 a6 10. 0-0 0-0 11. Qc2 b5 12. Bd3 h6 13. Rad1 Bb7 14. Nd4 Re8 15. Nf5 Bf8 16. Be2 Qc8 17. Rfe1 Nc5 18. Ng3 Ncd7 19. Nf5 Ne5 20. Bf1 c5 21. Bf4 Ng6 22. Bd6 Rxe1 23. Rxe1 Bc6 24. Bxf8 Qxf8 25. a4 c4 26. axb5 axb5 27. Nd4 Qc5 28. Nxc6 Qxc6 29. b3 Rc8 30. bxc4 bxc4 31. Qf5 Nf8 32. Rc1 N8d7 33. Nb5 g6 1/2-1/2

[Event "RB-2017-0-00349"]
[Site "LSS email"]
[Date "2017.10.13"]
[Round "?"]
[White "Stancl, Vladimir"]
[Black "Benassi, Aspasio"]
[Result "1/2-1/2"]
[WhiteElo "1889"]
[BlackElo "1980"]
[PlyCount "36"]
[EventDate "2017.08.21"]
[EventType "tourn (corr)"]
[EventRounds "6"]
[EventCountry "GER"]
[SourceTitle "Corr 2022"]
[Source "ChessBase"]
[SourceDate "2021.10.24"]
[SourceVersion "1"]
[SourceVersionDate "2021.10.24"]
[SourceQuality "1"]

1. d4 e6 2. c4 Nf6 3. Nf3 d5 4. Nc3 Be7 5. Bf4 0-0 6. e3 Nbd7 7. c5 Nh5 8. Bd3 b6 9. b4 Nxf4 10. exf4 a5 11. a3 c6 12. 0-0 Ba6 13. Bxa6 Rxa6 14. b5 cxb5 15. c6 Nb8 16. Ne5 Bd6 17. Nxb5 Bxe5 18. fxe5 Nxc6 1/2-1/2

[Event "FICGS class A 000180 email"]
[Site "FICGS email"]
[Date "2017.08.13"]
[Round "1"]
[White "Jabot, Daniel"]
[Black "Benassi, Aspasio"]
[Result "1/2-1/2"]
[WhiteElo "2127"]
[BlackElo "2031"]
[PlyCount "41"]
[EventDate "2017.??.??"]
[EventType "tourn (corr)"]
[EventRounds "6"]
[SourceTitle "Corr 2022"]
[Source "ChessBase"]
[SourceDate "2021.10.24"]
[SourceVersion "1"]
[SourceVersionDate "2021.10.24"]
[SourceQuality "1"]

1. e4 e5 2. Nf3 Nc6 3. d4 exd4 4. Nxd4 Bc5 5. Nxc6 bxc6 6. Bd3 d6 7. 0-0 Nf6 8. Nc3 a5 9. h3 0-0 10. Qe2 Re8 11. Be3 Bxe3 12. Qxe3 Bd7 13. b3 Qb8 14. a3 Qb6 15. Qxb6 cxb6 16. Rad1 b5 17. f3 h5 18. Rd2 Re5 19. Rfd1 g5 20. Be2 Ne8 21. Rf1 1/2-1/2

[Event "SA-2017-0-00571"]
[Site "LSS email"]
[Date "2017.04.11"]
[Round "?"]
[White "Benassi, Aspasio"]
[Black "Pilgram, Kurt"]
[Result "1/2-1/2"]
[WhiteElo "1949"]
[BlackElo "2056"]
[PlyCount "37"]
[EventDate "2017.02.22"]
[EventType "tourn (corr)"]
[EventRounds "6"]
[EventCountry "GER"]
[SourceTitle "Corr 2022"]
[Source "ChessBase"]
[SourceDate "2021.10.24"]
[SourceVersion "1"]
[SourceVersionDate "2021.10.24"]
[SourceQuality "1"]

1. e4 c6 2. d4 d5 3. exd5 cxd5 4. c4 Nf6 5. Nc3 Nc6 6. Nf3 Bg4 7. Bg5 e6 8. cxd5 exd5 9. Qe2+ Be6 10. Bxf6 gxf6 11. Qe3 Bg7 12. Bb5 Rc8 13. 0-0 0-0 14. Rfe1 a6 15. Bxc6 Rxc6 16. Nh4 Qd7 17. Ne2 Kh8 18. Ng3 Rfc8 19. h3 1/2-1/2

[Event "FICGS class A 000177 email"]
[Site "FICGS email"]
[Date "2017.03.25"]
[Round "1"]
[White "Benassi, Aspasio"]
[Black "Sorbi, Luca"]
[Result "1/2-1/2"]
[WhiteElo "2000"]
[BlackElo "2043"]
[PlyCount "47"]
[EventDate "2017.??.??"]
[EventType "tourn (corr)"]
[EventRounds "6"]
[SourceTitle "Corr 2022"]
[Source "ChessBase"]
[SourceDate "2021.10.24"]
[SourceVersion "1"]
[SourceVersionDate "2021.10.24"]
[SourceQuality "1"]

1. e4 e5 2. Nf3 Nf6 3. Nxe5 d6 4. Nf3 Nxe4 5. d4 d5 6. Bd3 Nc6 7. 0-0 Be7 8. Nbd2 Bf5 9. Re1 Nxd2 10. Qxd2 Bxd3 11. Qxd3 0-0 12. c3 Qd7 13. Bf4 a6 14. Re2 Rae8 15. Rae1 Bd8 16. h4 Re7 17. Rxe7 Bxe7 18. h5 h6 19. Re3 Re8 20. Qe2 Kf8 21. Ne1 Bd8 22. Rxe8+ Qxe8 23. Qxe8+ Kxe8 24. Nc2 1/2-1/2

[Event "FICGS class A 000177 email"]
[Site "FICGS email"]
[Date "2017.03.25"]
[Round "1"]
[White "Benassi, Aspasio"]
[Black "Tambe, Rod"]
[Result "1/2-1/2"]
[WhiteElo "2000"]
[BlackElo "2000"]
[PlyCount "59"]
[EventDate "2017.??.??"]
[EventType "tourn (corr)"]
[EventRounds "6"]
[SourceTitle "Corr 2022"]
[Source "ChessBase"]
[SourceDate "2021.10.24"]
[SourceVersion "1"]
[SourceVersionDate "2021.10.24"]
[SourceQuality "1"]

1. e4 g6 2. d4 d6 3. Nc3 Nf6 4. Be3 Bg7 5. Qd2 c6 6. Bh6 Bxh6 7. Qxh6 Qa5 8. Bd3 c5 9. d5 Nbd7 10. Nf3 c4 11. Bxc4 Qc5 12. b3 Nb6 13. Qe3 Qxe3+ 14. fxe3 Nxc4 15. bxc4 Nd7 16. a4 a5 17. Nd4 b6 18. Ncb5 Kf8 19. Nc7 Rb8 20. Nc6 Rb7 21. Nb5 f6 22. 0-0 Nc5 23. e5 dxe5 24. d6 exd6 25. Nxd6 Rc7 26. Rxf6+ Kg7 27. Nb5 Rd7 28. Rd6 Rxd6 29. Nxd6 Kf6 30. Nxe5 1/2-1/2

[Event "SB-2017-0-00487"]
[Site "LSS email"]
[Date "2017.02.25"]
[Round "?"]
[White "Luers, Lavas"]
[Black "Benassi, Aspasio"]
[Result "1/2-1/2"]
[WhiteElo "2044"]
[BlackElo "1952"]
[PlyCount "75"]
[EventDate "2017.01.09"]
[EventType "tourn (corr)"]
[EventRounds "6"]
[EventCountry "GER"]
[SourceTitle "Corr 2022"]
[Source "ChessBase"]
[SourceDate "2021.10.24"]
[SourceVersion "1"]
[SourceVersionDate "2021.10.24"]
[SourceQuality "1"]

1. e4 e5 2. Nf3 Nc6 3. Bb5 a6 4. Ba4 Be7 5. 0-0 Nf6 6. Re1 b5 7. Bb3 d6 8. c3 Na5 9. Bc2 c5 10. d4 exd4 11. cxd4 Bg4 12. dxc5 dxc5 13. Nc3 Qxd1 14. Rxd1 Nc6 15. Be3 0-0 16. a4 b4 17. Nd5 Nxd5 18. exd5 Bxf3 19. gxf3 Nd4 20. Bxd4 cxd4 21. Rxd4 a5 22. Be4 Bd6 23. Rc4 b3 24. Bd3 Rfd8 25. Re1 Rab8 26. Kg2 g6 27. Rc6 Bb4 28. Re5 Bf8 29. Bc4 Rb4 30. Re3 Rxa4 31. Rxb3 Rd6 32. Rc8 Kg7 33. Rbb8 Rb4 34. Rxb4 axb4 35. b3 Rf6 36. Rc6 Bd6 37. h3 Kf8 38. Rb6 1/2-1/2

[Event "SB-2017-0-00487"]
[Site "LSS email"]
[Date "2017.02.22"]
[Round "?"]
[White "Krabbenbos, Jan"]
[Black "Benassi, Aspasio"]
[Result "0-1"]
[WhiteElo "1915"]
[BlackElo "1952"]
[PlyCount "60"]
[EventDate "2017.01.09"]
[EventType "tourn (corr)"]
[EventRounds "6"]
[EventCountry "GER"]
[SourceTitle "Corr 2022"]
[Source "ChessBase"]
[SourceDate "2021.10.24"]
[SourceVersion "1"]
[SourceVersionDate "2021.10.24"]
[SourceQuality "1"]

1. e4 e5 2. Nf3 Nc6 3. Bc4 Nf6 4. Ng5 d5 5. exd5 Na5 6. Bb5+ c6 7. dxc6 bxc6 8. Bd3 Nd5 9. h4 Qc7 10. Nc3 h6 11. Nxd5 cxd5 12. Bb5+ Bd7 13. Bxd7+ Qxd7 14. Nf3 Bd6 15. d3 Rd8 16. 0-0 Nc6 17. Be3 0-0 18. c3 f5 19. Nh2 f4 20. Bc1 Rde8 21. Re1 e4 22. dxe4 dxe4 23. b3 Rf7 24. Qg4 Qc7 25. Qe2 Ree7 26. Qc4 f3 27. Ng4 h5 28. Rxe4 hxg4 29. Rxe7 Bxe7 30. g3 Bd6 0-1

[Event "FICGS rapid A 000199 email"]
[Site "FICGS email"]
[Date "2017.02.11"]
[Round "1"]
[White "Benassi, Aspasio"]
[Black "Sorbi, Luca"]
[Result "1/2-1/2"]
[WhiteElo "1994"]
[BlackElo "2037"]
[PlyCount "53"]
[EventDate "2017.??.??"]
[EventType "tourn (rapid)"]
[EventRounds "6"]
[SourceTitle "Corr 2022"]
[Source "ChessBase"]
[SourceDate "2021.10.24"]
[SourceVersion "1"]
[SourceVersionDate "2021.10.24"]
[SourceQuality "1"]

1. e4 e5 2. Nf3 Nf6 3. Bc4 Nc6 4. Ng5 d5 5. exd5 Na5 6. Bb5+ c6 7. dxc6 bxc6 8. Bd3 Nd5 9. h4 Nf4 10. Bf1 h6 11. Nf3 Bd6 12. g3 Nd5 13. d3 0-0 14. Bg2 f5 15. Nc3 e4 16. Nxd5 cxd5 17. Nd4 Qf6 18. dxe4 dxe4 19. c3 f4 20. Bxf4 Bxf4 21. gxf4 Qxf4 22. Qe2 Bg4 23. Qe3 Nc4 24. Qxf4 Rxf4 25. b3 Ne5 26. 0-0 Bf3 27. Nxf3 1/2-1/2

[Event "FICGS rapid A 000199 email"]
[Site "FICGS email"]
[Date "2017.02.11"]
[Round "1"]
[White "Pareschi, Remo"]
[Black "Benassi, Aspasio"]
[Result "1/2-1/2"]
[WhiteElo "1950"]
[BlackElo "1994"]
[PlyCount "32"]
[EventDate "2017.??.??"]
[EventType "tourn (rapid)"]
[EventRounds "6"]
[SourceTitle "Corr 2022"]
[Source "ChessBase"]
[SourceDate "2021.10.24"]
[SourceVersion "1"]
[SourceVersionDate "2021.10.24"]
[SourceQuality "1"]

1. d4 Nf6 2. c4 e6 3. Nc3 Bb4 4. e3 c5 5. Nge2 cxd4 6. exd4 0-0 7. a3 Be7 8. d5 exd5 9. cxd5 Bc5 10. Na4 b6 11. Nec3 Re8+ 12. Be2 Ba6 13. b4 Bxe2 14. Nxe2 Bd6 15. 0-0 Qc7 16. Ng3 b5 1/2-1/2

[Event "SB-2016-0-00478"]
[Site "LSS email"]
[Date "2016.12.04"]
[Round "?"]
[White "Benassi, Aspasio"]
[Black "Stancl, Vladimir"]
[Result "1/2-1/2"]
[WhiteElo "1975"]
[BlackElo "1922"]
[PlyCount "34"]
[EventDate "2016.11.22"]
[EventType "tourn (corr)"]
[EventRounds "6"]
[EventCountry "GER"]
[SourceTitle "Corr 2022"]
[Source "ChessBase"]
[SourceDate "2021.10.24"]
[SourceVersion "1"]
[SourceVersionDate "2021.10.24"]
[SourceQuality "1"]

1. e4 e6 2. d4 d5 3. Nc3 Nf6 4. Bg5 Be7 5. e5 Nfd7 6. Bxe7 Qxe7 7. f4 0-0 8. Nf3 c5 9. Bd3 f6 10. exf6 Rxf6 11. Qd2 Nc6 12. dxc5 Nxc5 13. g3 Bd7 14. 0-0-0 Be8 15. Rhe1 Qc7 16. Kb1 Nxd3 17. Qxd3 Bg6 1/2-1/2

[Event "SB-2016-0-00478"]
[Site "LSS email"]
[Date "2016.12.04"]
[Round "?"]
[White "Milde, Lars"]
[Black "Benassi, Aspasio"]
[Result "1/2-1/2"]
[WhiteElo "2088"]
[BlackElo "1975"]
[PlyCount "32"]
[EventDate "2016.11.22"]
[EventType "tourn (corr)"]
[EventRounds "6"]
[EventCountry "GER"]
[SourceTitle "Corr 2022"]
[Source "ChessBase"]
[SourceDate "2021.10.24"]
[SourceVersion "1"]
[SourceVersionDate "2021.10.24"]
[SourceQuality "1"]

1. e4 e5 2. Nf3 Nc6 3. Bb5 a6 4. Ba4 Nf6 5. 0-0 Be7 6. Re1 b5 7. Bb3 d6 8. c3 Na5 9. Bc2 c5 10. d4 Nc6 11. h3 cxd4 12. cxd4 Bd7 13. Nc3 0-0 14. a4 b4 15. Ne2 Re8 16. d5 Na5 1/2-1/2

[Event "SB-2016-0-00478"]
[Site "LSS email"]
[Date "2016.12.03"]
[Round "?"]
[White "Knoeppel, Bjoern"]
[Black "Benassi, Aspasio"]
[Result "0-1"]
[WhiteElo "1966"]
[BlackElo "1975"]
[PlyCount "52"]
[EventDate "2016.11.22"]
[EventType "tourn (corr)"]
[EventRounds "6"]
[EventCountry "GER"]
[SourceTitle "Corr 2022"]
[Source "ChessBase"]
[SourceDate "2021.10.24"]
[SourceVersion "1"]
[SourceVersionDate "2021.10.24"]
[SourceQuality "1"]

1. e4 e5 2. Nf3 Nc6 3. c3 d5 4. Qa4 f6 5. Bb5 Nge7 6. exd5 Qxd5 7. 0-0 e4 8. c4 Qh5 9. Re1 exf3 10. Bxc6+ bxc6 11. Qxc6+ Kd8 12. Qxa8 c6 13. Re3 Nf5 14. Qxa7 Bd6 15. Qa5+ Bc7 16. Rd3+ Bd7 17. Qa8+ Ke7 18. Qa3+ Ke6 19. h3 fxg2 20. Nc3 Kf7 21. b3 Re8 22. Bb2 Nh4 23. Ne4 Rxe4 24. Qa7 Qe2 25. Re3 Rxe3 26. Qxe3 Qh5 0-1

[Event "RB-2016-0-00327"]
[Site "LSS email"]
[Date "2016.10.31"]
[Round "?"]
[White "Knoeppel, Bjoern"]
[Black "Benassi, Aspasio"]
[Result "1/2-1/2"]
[WhiteElo "1920"]
[BlackElo "2014"]
[PlyCount "58"]
[EventDate "2016.09.02"]
[EventType "tourn (corr)"]
[EventRounds "6"]
[EventCountry "GER"]
[SourceTitle "Corr 2022"]
[Source "ChessBase"]
[SourceDate "2021.10.24"]
[SourceVersion "1"]
[SourceVersionDate "2021.10.24"]
[SourceQuality "1"]

1. e4 e5 2. Nf3 Nc6 3. Nc3 Nf6 4. d4 exd4 5. Nd5 Bc5 6. Bg5 Be7 7. Bf4 d6 8. Nxd4 0-0 9. Nb5 Nxd5 10. exd5 Ne5 11. Be2 c6 12. Nc3 Ng6 13. Be3 Bd7 14. 0-0 c5 15. Qd2 f5 16. f4 Bf6 17. Rae1 Re8 18. Nd1 b5 19. Bf2 b4 20. Bd3 Rxe1 21. Rxe1 Ne7 22. a3 a5 23. c3 Rb8 24. Bc2 g6 25. Ne3 Qc7 26. Nc4 Nc8 27. Ne5 dxe5 28. fxe5 Bxe5 29. Rxe5 Qxe5 1/2-1/2

[Event "FICGS theme 0002 email"]
[Site "FICGS email"]
[Date "2016.10.30"]
[Round "1"]
[White "Foster, Duncan"]
[Black "Benassi, Aspasio"]
[Result "0-1"]
[WhiteElo "1584"]
[BlackElo "2012"]
[PlyCount "96"]
[EventDate "2016.??.??"]
[EventType "swiss (corr)"]
[EventRounds "1"]
[SourceTitle "Corr 2022"]
[Source "ChessBase"]
[SourceDate "2021.10.24"]
[SourceVersion "1"]
[SourceVersionDate "2021.10.24"]
[SourceQuality "1"]

1. d4 Nf6 2. Bg5 d5 3. Bxf6 exf6 4. e3 Be6 5. g3 h5 6. h4 c6 7. Bg2 Bd6 8. Ne2 0-0 9. 0-0 Nd7 10. Nd2 Nb6 11. a4 a5 12. Nf4 Bf5 13. Nxh5 Qd7 14. Nf4 Rae8 15. c3 Re7 16. Kh2 g6 17. Rh1 Bxf4 18. exf4 Rfe8 19. b3 Re2 20. Kg1 Bg4 21. Qc2 Nc8 22. Bf1 R2e7 23. Bd3 Nd6 24. Kg2 Bf5 25. h5 Re2 26. hxg6 fxg6 27. Rh2 Qe6 28. Rah1 Rxf2+ 29. Kxf2 Qe3+ 30. Kg2 Bxd3 31. Rh8+ Kf7 32. R1h7+ Ke6 33. Rxe8+ Nxe8 34. Qd1 Nd6 35. g4 Ne4 36. Nxe4 Bxe4+ 37. Kf1 Kd6 38. c4 b6 39. Rh2 Bd3+ 40. Kg2 dxc4 41. bxc4 Bxc4 42. Qc2 Be2 43. Qb1 Qxf4 44. Qb3 b5 45. Qc3 Qxg4+ 46. Qg3+ Kd5 47. Qxg4 Bxg4 48. Kf2 Kxd4 0-1

[Event "CP-2016-P-00024"]
[Site "LSS email"]
[Date "2016.09.27"]
[Round "?"]
[White "Benassi, Aspasio"]
[Black "Koepcke, Klaus Peter"]
[Result "1-0"]
[WhiteElo "1993"]
[BlackElo "1598"]
[PlyCount "51"]
[EventDate "2016.10.01"]
[EventType "tourn (corr)"]
[EventRounds "6"]
[EventCountry "GER"]
[SourceTitle "Corr 2022"]
[Source "ChessBase"]
[SourceDate "2021.10.24"]
[SourceVersion "1"]
[SourceVersionDate "2021.10.24"]
[SourceQuality "1"]

1. e4 c5 2. Nf3 d6 3. d4 cxd4 4. Nxd4 Nf6 5. Nc3 a6 6. f4 e6 7. Be2 Be7 8. 0-0 0-0 9. Bf3 Nbd7 10. a4 Rb8 11. Be3 Qc7 12. g4 Nb6 13. g5 Nfd7 14. Bc1 Nc4 15. Be2 b6 16. Qd3 Na5 17. b4 Nc6 18. Qc4 Bb7 19. b5 Nc5 20. bxc6 Ba8 21. f5 Nxe4 22. fxe6 d5 23. Nxd5 Qd6 24. Nf5 Qc5+ 25. Be3 Qxc4 26. Ndxe7+ 1-0

[Event "RB-2016-0-00324"]
[Site "LSS email"]
[Date "2016.09.27"]
[Round "?"]
[White "Krol, Wladyslaw"]
[Black "Benassi, Aspasio"]
[Result "1/2-1/2"]
[WhiteElo "1920"]
[BlackElo "2034"]
[PlyCount "47"]
[EventDate "2016.07.20"]
[EventType "tourn (corr)"]
[EventRounds "6"]
[EventCountry "GER"]
[SourceTitle "Corr 2022"]
[Source "ChessBase"]
[SourceDate "2021.10.24"]
[SourceVersion "1"]
[SourceVersionDate "2021.10.24"]
[SourceQuality "1"]

1. e4 e5 2. Nf3 Nc6 3. Bc4 Nf6 4. d3 Bc5 5. c3 d6 6. Nbd2 a5 7. a4 0-0 8. Nf1 Qe7 9. Be3 Bxe3 10. Nxe3 Be6 11. h4 Bxc4 12. Nxc4 Nd8 13. Ng5 Re8 14. Ne3 Qd7 15. g4 b5 16. Nh3 Qc6 17. h5 Ne6 18. h6 g6 19. 0-0 bxa4 20. Rxa4 Qb5 21. Ra2 Nd7 22. Qd2 a4 23. c4 Qb6 24. Nd5 1/2-1/2

[Event "FICGS unrated 00004 email"]
[Site "FICGS email"]
[Date "2016.09.07"]
[Round "1"]
[White "Benassi, Aspasio"]
[Black "Benone, Mateia"]
[Result "1-0"]
[WhiteElo "2012"]
[BlackElo "1185"]
[PlyCount "27"]
[EventDate "2016.??.??"]
[EventType "swiss (corr)"]
[EventRounds "1"]
[SourceTitle "Corr 2022"]
[Source "ChessBase"]
[SourceDate "2021.10.24"]
[SourceVersion "1"]
[SourceVersionDate "2021.10.24"]
[SourceQuality "1"]

1. e4 c5 2. Nf3 g6 3. d4 cxd4 4. Nxd4 Bg7 5. Nc3 Nc6 6. Be3 Nf6 7. Nxc6 bxc6 8. e5 Ng8 9. f4 Qa5 10. Bc4 Ba6 11. Qd3 Bxc4 12. Qxc4 Nh6 13. 0-0-0 Nf5 14. Bc5 1-0

[Event "FICGS unrated 00004 email"]
[Site "FICGS email"]
[Date "2016.09.07"]
[Round "1"]
[White "Foster, Duncan"]
[Black "Benassi, Aspasio"]
[Result "0-1"]
[WhiteElo "1584"]
[BlackElo "2012"]
[PlyCount "58"]
[EventDate "2016.??.??"]
[EventType "swiss (corr)"]
[EventRounds "1"]
[SourceTitle "Corr 2022"]
[Source "ChessBase"]
[SourceDate "2021.10.24"]
[SourceVersion "1"]
[SourceVersionDate "2021.10.24"]
[SourceQuality "1"]

1. e4 e5 2. Nf3 Nc6 3. d4 exd4 4. Bc4 Nf6 5. e5 d5 6. Bb5 Ne4 7. Nxd4 Bd7 8. Bxc6 bxc6 9. 0-0 Bc5 10. f3 Ng5 11. Be3 Bb6 12. f4 Ne4 13. Nd2 Nxd2 14. Qxd2 c5 15. Nb3 d4 16. Bf2 a5 17. Nc1 a4 18. a3 0-0 19. Ne2 Bc6 20. Ng3 Qd5 21. Be1 f6 22. exf6 c4 23. Kh1 Rxf6 24. Rf3 c3 25. bxc3 Qxf3 26. gxf3 Bxf3+ 27. Kg1 dxc3+ 28. Qf2 Bxf2+ 29. Bxf2 Rd8 0-1

[Event "FICGS unrated 00004 email"]
[Site "FICGS email"]
[Date "2016.09.07"]
[Round "1"]
[White "Vollmer, Steve"]
[Black "Benassi, Aspasio"]
[Result "0-1"]
[WhiteElo "1634"]
[BlackElo "2012"]
[PlyCount "56"]
[EventDate "2016.??.??"]
[EventType "swiss (corr)"]
[EventRounds "1"]
[SourceTitle "Corr 2022"]
[Source "ChessBase"]
[SourceDate "2021.10.24"]
[SourceVersion "1"]
[SourceVersionDate "2021.10.24"]
[SourceQuality "1"]

1. d4 d5 2. c4 dxc4 3. e3 Nf6 4. Bxc4 c5 5. Nf3 cxd4 6. Nc3 Qc7 7. Qxd4 Nc6 8. Qh4 Bg4 9. 0-0 Bxf3 10. gxf3 e6 11. e4 a6 12. Bf4 Nd4 13. Be2 Qc4 14. Rfe1 Qxe2 15. Nxe2 Nxf3+ 16. Kf1 Nxh4 17. Rac1 Nxe4 18. Rc7 Nf3 19. Rec1 g5 20. Be3 b5 21. Kg2 Nh4+ 22. Kh3 Bd6 23. R7c6 Nf5 24. Bb6 Kd7 25. f3 Nd2 26. R6c3 h5 27. Rd3 g4+ 28. fxg4 hxg4+ 0-1

[Event "RB-2016-0-00322"]
[Site "LSS email"]
[Date "2016.08.24"]
[Round "?"]
[White "Koronowski, Heinz Juergen"]
[Black "Benassi, Aspasio"]
[Result "1-0"]
[WhiteElo "1990"]
[BlackElo "2042"]
[PlyCount "111"]
[EventDate "2016.07.03"]
[EventType "tourn (corr)"]
[EventRounds "6"]
[EventCountry "GER"]
[SourceTitle "Corr 2022"]
[Source "ChessBase"]
[SourceDate "2021.10.24"]
[SourceVersion "1"]
[SourceVersionDate "2021.10.24"]
[SourceQuality "1"]

1. e4 e5 2. Nf3 Nc6 3. d4 exd4 4. Nxd4 Bc5 5. Nb3 Bb6 6. Nc3 Nf6 7. Qe2 0-0 8. Bg5 h6 9. Bh4 a5 10. 0-0-0 a4 11. Nd2 a3 12. e5 axb2+ 13. Kb1 Nd5 14. Nxd5 Qxh4 15. Ne4 Kh8 16. g3 Qd8 17. Nxb6 cxb6 18. Nd6 f6 19. Qe4 Nxe5 20. f4 Ng4 21. Bd3 f5 22. Qd4 b5 23. Rhe1 Qa5 24. Qxb2 Qa3 25. Qxa3 Rxa3 26. Kb2 b4 27. Rd2 Nf6 28. Bxf5 b6 29. Rd4 Ra5 30. Bg6 Ra7 31. Rxb4 Bb7 32. Rxb6 Bg2 33. c4 Rfa8 34. Bb1 Kg8 35. Re3 Kf8 36. Reb3 Ke7 37. Nf5+ Kf7 38. a3 Bc6 39. Nd4 Bg2 40. Nb5 Ra6 41. Rxa6 Rxa6 42. Kc3 g5 43. fxg5 hxg5 44. Bf5 Bc6 45. Kb4 Ng8 46. a4 Ne7 47. Bg4 Ng6 48. Bh5 Kf6 49. Bxg6 Kxg6 50. a5 Kf5 51. Nd6+ Ke5 52. Rd3 Ra8 53. Rd2 Rb8+ 54. Kc5 Ra8 55. Ra2 Ra6 56. Nf7+ 1-0